000
00308nam a22001337a 4500
008
171011b xxu||||| |||| 00| 0 eng d
020
_a
9780534208325
041
_a
eng
080
_2
7 ED
_a
316
100
_a
50
101
_a
SOC
245
_a
INTERCULTURAL COMMUNICATION
_c
SAMOVAR.L.A
942
_2
udc
_c
BK
999
_c
33186
_d
33186